000 00251nam a22001217a 4500
082 _a891.4392
100 _aNaseem Hajazi
245 _aQaiser O Kisra
260 _aLahore
_bJahangir
_c2003.
300 _a736.p ;
500 _aHardcover.
942 _cBK
999 _c33096
_d33096